000 01064nam a22002531 4500
001 gs 06000610
003 DLC
005 20260227111304.0
008 900504s1873 moubf 00010 eng c
010 _ags 06000610 //r902
040 _aU.S. Geol. Survey Libr./ICU
_cICU
043 _an-us-mo
050 0 0 _aQE131
_b.A111
110 1 0 _aMissouri.
_bBureau of Geology and Mines.
245 1 0 _aReports on the geological survey of the state of Missouri.
_b1855-1871.
_cBy G.C. Broadhead, F.B. Meek and B.F. Shumard. Published by authority of the Legislature, under the direction of the Bureau of geology and mines.
260 0 _aJefferson City,
_bRegan & Carter, printers and binders,
_c1873.
300 _a323 p.
_bplates, 9 fold. maps
_c26 cm.
500 _aRaphael Pumpelly, director.
650 0 _aGeology
_zMissouri.
650 0 _aMines and mineral resources
_zMissouri.
700 1 0 _aBroadhead, Garland C.
_q(Garland Carr),
_d1827-1912.
700 1 0 _aMeek, F. B.
_q(Fielding Bradford),
_d1817-1876.
700 1 0 _aShumard, B. F.
_q(Benjamin Franklin),
_d1820-1869.
999 _c24448
_d24448